000 00770nam a2200253Ia 4500
003 OSt
005 20220926010007.0
006 a|||||r|||| 00| 0
007 ta
008 220923b |||||||| |||| 00| 0 eng d
020 _a9789382381860
_c650.00
037 _b111611, 15/01/2018, International Book Distrobutors
_cGeneral Book
040 _aRTL
_cRTL
_beng
041 _2eng
_aeng
082 _aNB2,5.N, Q7
100 _aBEG Sangin
_9311602
245 0 _aSair-ul-manazil
260 _a New Delhi
_bTulika Books
_c2017
300 _a172p,
_ccm.
500 _aBibliography: p 203-209
650 _aSociology
942 _hNB2,5.N, Q7
_cGB
_2CC
999 _c616040
_d616040